Mongolia- china relations : modern and contemporary times (Record no. 444412)

000 -LEADER
fixed length control field 00435cam a22001337a 4500
008 - FIXED-LENGTH DATA ELEMENTS--GENERAL INFORMATION
fixed length control field 180718b2006 xxu||||| |||| 00| 0 eng d
082 ## - DEWEY DECIMAL CLASSIFICATION NUMBER
Classification number Dx517 So58
100 ## - MAIN ENTRY--PERSONAL NAME
Personal name Soni, Sharad K.
245 ## - TITLE STATEMENT
Title Mongolia- china relations : modern and contemporary times
Statement of responsibility, etc. by Sharad K. Soni
260 ## - PUBLICATION, DISTRIBUTION, ETC.
Place of publication, distribution, etc. New Delhi
Name of publisher, distributor, etc. Pentagon
Date of publication, distribution, etc. 2006
300 ## - PHYSICAL DESCRIPTION
Extent 328p.
650 ## - SUBJECT ADDED ENTRY--TOPICAL TERM
Topical term or geographic name entry element China -- Foreign relations -- Mongolia
650 ## - SUBJECT ADDED ENTRY--TOPICAL TERM
Topical term or geographic name entry element Mongolia -- Foreign relations -- China
Holdings
Withdrawn status Lost status Damaged status Not for loan Permanent Location Current Location Date acquired Full call number Barcode Date last seen Price effective from Koha item type
        Indian Institute of Public Administration Indian Institute of Public Administration 2015-05-05 Dx517 So58 86096 2018-07-21 2018-07-21 Book

Powered by Koha